00738nam a2200193Ia 4500952016000000999001700160003000400177005001700181008004100198020001800239040000900257082002200266100002600288245011400314260004300428300000900471650001400480942005000494 00102ddc40708LABOR ECONOMICSaMESbMEScECO d2019-02-20g745.00l6m9o331.620953 ZAC/Kp37015r2021-03-10 00:00:00s2021-02-22w2019-02-20yBKzGL4R2 c11218d11218OSt20200602132327.0190216s9999||||xx |||||||||||||| ||und|| a9788125049357 coclc a331.620953bZAC/K aZachariah, K C91025 0aKerala's Gulf Connection 1998-2011 Economic And Social Impact Of Migration /cK C Zachariah ; S Irudaya Rajan bOrient Black Swans,c2013.aNew Delhi: a261p aEconomics cBK2ddch331.620953iZAC/Kk331.620953mZAC/K